<?xml version="1.0" encoding="UTF-8"?>
<collection xmlns="http://www.loc.gov/MARC21/slim">
  <record>
    <leader>00000nam  2200000   4500</leader>
    <controlfield tag="001">INLIS000000000016058</controlfield>
    <controlfield tag="005">20231023013431</controlfield>
    <datafield tag="035" ind1="#" ind2="#">
      <subfield code="a">0010-1023000140</subfield>
    </datafield>
    <controlfield tag="007">ta</controlfield>
    <controlfield tag="008">231023################g##########0#ind##</controlfield>
    <datafield tag="020" ind1="#" ind2="#">
      <subfield code="a">978-623-5600-59-8</subfield>
    </datafield>
    <datafield tag="082" ind1="#" ind2="#">
      <subfield code="a">304.208 2</subfield>
    </datafield>
    <datafield tag="084" ind1="#" ind2="#">
      <subfield code="a">304.208 2 ASE g</subfield>
    </datafield>
    <datafield tag="100" ind1=" " ind2="#">
      <subfield code="a">Asep M Tamam (ed.)</subfield>
    </datafield>
    <datafield tag="245" ind1="1" ind2="#">
      <subfield code="a">Gagasan dan Kiprah :</subfield>
      <subfield code="b">Kartini-kartini Tasikmalaya /</subfield>
      <subfield code="c">Asep M Tamam (ed.)</subfield>
    </datafield>
    <datafield tag="250" ind1="#" ind2="#">
      <subfield code="a">1</subfield>
    </datafield>
    <datafield tag="260" ind1="#" ind2="#">
      <subfield code="a">Tasikmalaya :</subfield>
      <subfield code="b">Langgam Pustaka,</subfield>
      <subfield code="c">2022</subfield>
    </datafield>
    <datafield tag="300" ind1="#" ind2="#">
      <subfield code="a">xvi, 257 hal. ;</subfield>
      <subfield code="c">21 cm</subfield>
    </datafield>
    <datafield tag="650" ind1="#" ind2="4">
      <subfield code="a">Gagasan Pemikiran</subfield>
    </datafield>
    <datafield tag="520" ind1="#" ind2="#">
      <subfield code="a">Literasi dasar memang ada enam. Tak hanya literasi baca dan tulis. Ada literasi numerasi, literasi sains, literasi finansial, literasi budaya dan kewargaan, dan literasi digital. Keenam bidang ini sudah semestinya mendapat porsi dan atensi yang maksimal. Namun dalam hal ini literasi baca tulis, terutama di wilayah Kota Tasikmalaya, terlihat berkembang dan semarak, juga bahkan menyisir berbagai kalangan. TULIP menjadi bagian penting dalam memainkan perannya, mendampingi para perempuan di Kota Tasik untuk pandai berliterasi, mengantarkan para perempuan menjadi generasi literat.</subfield>
    </datafield>
    <datafield tag="856" ind1="#" ind2="#">
      <subfield code="a">Perpustakaan LAN Pusat</subfield>
    </datafield>
    <datafield tag="990" ind1="#" ind2="#">
      <subfield code="a">231019813</subfield>
    </datafield>
  </record>
</collection>
